| 000 | 00890nam a22002417a 4500 | ||
|---|---|---|---|
| 999 |
_c18345 _d18345 |
||
| 003 | AR-CdUCM | ||
| 008 | 190513b ||||| |||| 00| 0 spa d | ||
| 040 |
_aMUNICIPALIDAD PROVINCIAL DEL CUSCO _cBIBLIOTECA MUNICIPAL DEL CUSCO |
||
| 041 | _hger | ||
| 082 |
_24ed. _a578 / _bK84 |
||
| 100 |
_aKruif, Paul de _938053 |
||
| 245 | _aLos cazadores de microbios / | ||
| 260 |
_aBuenos Aires : _bClaridad, _c1942. |
||
| 300 |
_a426 páginas ; _bilustraciones, retratos, figuras, _c20 cm. |
||
| 440 |
_aBiblioteca de Obras Famosas. _n31 _938865 |
||
| 505 | _aContenido: v.31: Antonio Van Leeuwenhoeck -- Lazzaro Spallanzani -- Luis Pasteur -- Roberto Koch -- Pasteur -- Roux y Behring ... | ||
| 650 |
_aCientíficos _93270 |
||
| 650 |
_aMicrobiología _920666 |
||
| 650 |
_aCiencia _92098 |
||
| 700 |
_aWarren, Gregory (traducción) _938866 |
||
| 942 |
_2ddc _cLIBROS |
||
| 945 |
_aachl _d2019-05-13 |
||